000 00336nam a2200145Ia 4500
008 090124s9999 xx 000 0 und d
082 _b305129
245 _a कठोर
250 _a1
260 _bकर्णिक हेमन
_c2004
300 _a153
630 _a कठोर
730 _a कठोर
942 _cBOOK
999 _c195085
_d195085